| 000 | 00521nam a2200205Ia 4500 | ||
|---|---|---|---|
| 008 | 220216s9999 xx 000 0 und d | ||
| 100 | _aThielen G | ||
| 245 | 0 | _aFiller impact on rubber blend miscibility | |
| 260 |
_bKautschuk Gummi Kunststoffe _c2007 |
||
| 300 | _a389-392 | ||
| 650 | _aCarbon black | ||
| 650 | _aE-SBR | ||
| 650 | _aIBR | ||
| 650 | _aRubber blends | ||
| 650 | _aSilica | ||
| 650 | _aS-SBR | ||
| 650 | _aThermodynamics | ||
| 650 | _aUpper critical solution temperature (UCST) | ||
| 942 | _cJS | ||
| 999 |
_c59399 _d59399 |
||